| 000 | 02090nam a22002537a 4500 | ||
|---|---|---|---|
| 999 |
_c59908 _d59908 |
||
| 003 | Ge_BSU | ||
| 005 | 20230511133521.0 | ||
| 008 | 230510s2013 ge ||||| |||| 00| 0 geo d | ||
| 041 | _ageo | ||
| 080 | _a902.2(479.221.2) ფ-69 | ||
| 100 |
_aფიცხელაური, კონსტანტინე _918060 |
||
| 245 |
_aსამხრეთ-აღმოსავლეთ კავკასიის ეთნოკულტურული სისტემა ბრინჯაო-რკინის ხანაში / _cკონსტანტინე ფიცხელაური; რედ.: ო. ჯაფარიძე, რ. მეტრეველი; საქართველოს მეცნირებათა ეროვნული აკადემია. |
||
| 264 |
_aთბილისი, _c2013. |
||
| 300 |
_a560 გვ. : _bილ., ცხრ. ; _c29 სმ. |
||
| 500 | _aგარეკანზე - ოქროს ლომი ძვ.წ. III ათასწლეულის დასასრული. ალაზნის ველი. გარეკანის მეოთხე გვერდზე - ცხენებშებმული საბრძოლო ეტლის ბრინჯაოს მოდელი, ძვ.წ. IX-VIII წწ., მთა გოხები, ქ. დედოფლისწყარო. | ||
| 501 | _aტექსტის ნაწილი რუს. და ინგლ. თავფ. მე-2 გვ. რუს. და ინგლ | ||
| 504 | _aბიბლიოგრ. სტატიების ბოლოს. | ||
| 505 | _a | ||
| 653 | _aარქეოლოგიური გათხრები კახეთში. | ||
| 700 |
_aჯაფარიძე, ო., _eრედაქტორი _917556 |
||
| 700 |
_aმეტრეველი, რ. _eრედაქტორი _918061 |
||
| 710 |
_aსაქართველოს მეცნირებათა ეროვნული აკადემია _911468 |
||
| 942 |
_2udc _cBK |
||